| 000 | 00406nam a22001697a 4500 | ||
|---|---|---|---|
| 999 |
_c7166 _d7166 |
||
| 003 | OSt | ||
| 005 | 20190123185544.0 | ||
| 008 | 190123b ||||| |||| 00| 0 eng d | ||
| 040 | _cDLC | ||
| 082 |
_a227.31 _bH521G |
||
| 100 | _aHenry, Kent. | ||
| 245 |
_aGet Set For Glory / _cKent Henry. |
||
| 260 |
_aSt. Louis, Missouri ; _bEast Watson Road, |
||
| 300 | _a32 p.: | ||
| 650 | _aGlory. | ||
| 942 |
_2ddc _cBK |
||